[Event "SRI-ch"]
[Site "Colombo"]
[Date "2012.03.23"]
[Round "1"]
[White "Wijekoon, Chandana"]
[Black "Madumadha, M Chaithika Samith"]
[Result "0-1"]
[WhiteElo "1997"]
[BlackElo "1893"]
[PlyCount "120"]
[EventDate "2012.03.23"]
[EventType "tourn"]
[EventRounds "13"]
[EventCountry "SRI"]
[SourceTitle "EXT 2013"]
[Source "ChessBase"]
[SourceDate "2012.11.22"]
[SourceVersion "1"]
[SourceVersionDate "2012.11.22"]
[SourceQuality "1"]

1. d4 Nf6 2. Nf3 g6 3. Bf4 Bg7 4. e3 d6 5. h3 0-0 6. Be2 Nbd7 7. 0-0 Qe8 8. c4 e5 9. Bh2 Ne4 10. Qc2 f5 11. Na3 c6 12. b4 g5 13. Rad1 Qg6 14. c5 d5 15. Nxe5 Nxe5 16. dxe5 f4 17. f3 Ng3 18. Bxg3 fxg3 19. Qxg6 hxg6 20. f4 gxf4 21. exf4 Bh6 22. Rd4 Bf5 23. h4 Be4 24. Nc4 Rxf4 25. Nd6 Rxf1+ 26. Kxf1 Rf8+ 27. Ke1 Be3 28. Rxe4 dxe4 29. Bc4+ Kg7 30. Nxe4 Bd4 31. e6 Bf6 32. Ke2 Be7 33. Ke3 b6 34. Kd4 Rf4 35. cxb6 axb6 36. a4 Bxb4 37. Ke5 Rxh4 38. Bb3 Rh2 39. Nxg3 Rxg2 40. Ne4 Rb2 41. Bd1 Be7 42. Bf3 Rb1 43. Nd6 Re1+ 44. Ne4 Ra1 45. Nd6 Bf6+ 46. Kf4 Rxa4+ 47. Ke3 Bg5+ 48. Kd3 Ra3+ 49. Ke2 Re3+ 50. Kf2 Rxe6 51. Nc4 b5 52. Na5 c5 53. Be2 c4 54. Bg4 Ra6 55. Nb7 Be7 56. Ke3 b4 57. Kd4 b3 58. Bd1 Ra7 59. Nc5 Bxc5+ 60. Kxc5 Ra1 0-1